Le désert saharien (notice nᵒ 9520)
[ vue normale ]
| 000 -LEADER | |
|---|---|
| fixed length control field | 00641nam a2200181Ia 4500 |
| 008 - FIXED-LENGTH DATA ELEMENTS--GENERAL INFORMATION | |
| fixed length control field | 160105s9999 xx 000 0 und d |
| 020 ## - INTERNATIONAL STANDARD BOOK NUMBER | |
| International Standard Book Number | 978-2-7298-3700-6 |
| 041 ## - LANGUAGE CODE | |
| Language code of text/sound track or separate title | fre |
| 245 ## - TITLE STATEMENT | |
| Title | Le désert saharien |
| 260 ## - PUBLICATION, DISTRIBUTION, ETC. | |
| Place of publication, distribution, etc | Paris |
| 260 ## - PUBLICATION, DISTRIBUTION, ETC. | |
| Name of publisher, distributor, etc | Larousse |
| 260 ## - PUBLICATION, DISTRIBUTION, ETC. | |
| Date of publication, distribution, etc | 1986 |
| 490 ## - SERIES STATEMENT | |
| Series statement | Faune et flore du monde |
| 654 ## - SUBJECT ADDED ENTRY--FACETED TOPICAL TERM | |
| General subdivision | DESERT DU SAHARA/DESERT/FACTEUR DU MILIEU/DESERTIFICATION/CLIMAT/VEGETATION/ADAPTATION/ANIMAL/MAMMIFERE/OASIS/FAUNE/FLORE/MAROC/ALGERIE/TUNISIE/EGYPTE/TCHAD/NIGER/MALI/PORTUGAL/ACORES/CANARIES (ILES)/ESPAGNE/JAMAHIRIYA ARABE LIBYENNE |
| 942 ## - ADDED ENTRY ELEMENTS (KOHA) | |
| Koha item type | Ouvrage |
| 994 ## - | |
| -- | 109617 |
| Withdrawn status | Lost status | Damaged status | Use restrictions | Not for loan | Home library | Current library | Date acquired | Cost, normal purchase price | Shelving control number | Total Checkouts | Total Renewals | Total Holds | Full call number | Barcode | Date last seen | Date checked out | Cost, replacement price | Koha item type |
|---|---|---|---|---|---|---|---|---|---|---|---|---|---|---|---|---|---|---|
| Bibliothèque Centrale | Bibliothèque Centrale | 29/04/2021 | 0.00 | 1 | BC_621 61 | BC_621 61 | 03/05/2021 | 29/04/2021 | 0.00 | Ouvrage |